000 00975nam2a2200205 4500
001 RU\NLR\PER_A\002950180_000930
005 20250626141231.0
035 _a(NLR Aleph) 011858800
090 _a12141488
_c12141488
100 _a20181108d2010 |||y0rusy50 ca
101 0 _arus
102 _aRU
200 0 _a2010, № 2 (61)
210 _d2010
_aБ. м.
461 0 _1001RU\NLR\Per\702556
_12001#$aОмский вестник. Деловая среда$eделовой информационно-аналитический журнал$eомский деловой журнал$v2010, № 2 (61)
_93879601
_cОмск
_d2010 -
_nРедакция газеты "Омская правда"
_oделовой информационно-аналитический журнал : омский деловой журнал
_tОмский вестник. Деловая среда
_v2010, № 2 (61)
852 _aNLR
_jП23/7975
942 _cISSUE
980 _aNB
980 _aRUSPER